Guess the Fusion Rock Song Lyrics #363 - Statistics

General Stats
  • This quiz has been taken 14 times
  • The average score is 220 of 309
Answer Stats
Answer % Correct
a
91%
go
91%
got
91%
I
91%
I'm
91%
in
91%
it
91%
like
91%
me
91%
my
91%
no
91%
the
91%
to
91%
Will
91%
every
82%
I've
82%
win
82%
sky
73%
up
73%
bad
55%
bird
55%
fly
55%
gonna
55%
high
55%
once
55%
while
55%
ain't
45%
Ain't
45%
around
36%
Billy Preston
36%
friends
36%
Let
36%
let
36%
circles
27%
guy
27%
round
27%
dance
18%
melody
18%
moral
18%
move
18%
music
18%
sing
18%
song
18%
steps
18%
story
18%
No matching quizzes found
Score Distribution
Percent of People with Each Score
Percentile by Number Answered
Your Score History
You have not taken this quiz